[Event "London Classic op 11th"]
[Site "London"]
[Date "2019.12.04"]
[Round "7"]
[White "Walker, Martin Graham"]
[Black "Korning, Peter"]
[Result "1/2-1/2"]
[WhiteElo "2162"]
[BlackElo "1961"]
[PlyCount "81"]
[EventDate "2019.11.29"]
[EventType "swiss"]
[EventRounds "9"]
[EventCountry "ENG"]
[SourceTitle "CBM 193 Extra"]
[Source "ChessBase"]
[SourceDate "2020.01.31"]
[SourceVersion "1"]
[SourceVersionDate "2020.01.31"]
[SourceQuality "1"]

1. e4 e5 2. Nf3 Nc6 3. Bb5 a6 4. Ba4 Nf6 5. 0-0 Be7 6. Re1 b5 7. Bb3 0-0 8. d4 Nxd4 9. Bxf7+ Rxf7 10. Nxe5 Rf8 11. Qxd4 Bb7 12. Nc3 c5 13. Qd1 b4 14. Nd5 Nxd5 15. exd5 Bd6 16. f4 Qh4 17. g3 Qh3 18. c4 bxc3 19. bxc3 c4 20. Nxc4 Bc5+ 21. Be3 Rac8 22. Rb1 Ba8 23. Ne5 d6 24. Nc6 Qd7 25. Bxc5 Rxc6 26. Bb4 a5 27. Qf3 Rc4 28. Bxa5 Rc5 29. Bb4 Rxd5 30. Rbd1 Rxd1 31. Qxd1 Qc6 32. Kf2 Qg2+ 33. Ke3 Re8+ 34. Kd3 Qd5+ 35. Kc2 Qxa2+ 36. Kd3 Qd5+ 37. Kc2 Qa2+ 38. Kd3 Qd5+ 39. Kc2 Qa2+ 40. Kd3 Qd5+ 41. Kc2 1/2-1/2

[Event "Guimaraes op 3rd"]
[Site "Guimaraes"]
[Date "2019.08.31"]
[Round "5"]
[White "Korning, Peter"]
[Black "Soares, Sara Joana de Moura"]
[Result "0-1"]
[WhiteElo "1972"]
[BlackElo "1597"]
[PlyCount "90"]
[EventDate "2019.08.28"]
[EventType "swiss"]
[EventRounds "7"]
[EventCountry "POR"]
[SourceTitle "EXT 2020"]
[Source "ChessBase"]
[SourceDate "2019.10.17"]
[SourceVersion "1"]
[SourceVersionDate "2019.10.17"]
[SourceQuality "1"]

1. Nf3 Nf6 2. g3 e6 3. Bg2 d5 4. 0-0 Be7 5. d3 0-0 6. Nbd2 b6 7. e4 dxe4 8. Ng5 Bb7 9. Ndxe4 Nxe4 10. Nxe4 Kh8 11. Qh5 Nc6 12. Ng5 Bxg5 13. Bxg5 f6 14. Be4 g6 15. Bxg6 Qd7 16. Bd2 Ne5 17. Be4 Bxe4 18. dxe4 Qxd2 19. Rad1 Qg5 20. Qe2 Qg7 21. f4 Ng6 22. Kh1 Rfd8 23. Rd3 Qe7 24. Rfd1 Rd6 25. h4 Rad8 26. h5 Rxd3 27. cxd3 Nf8 28. g4 e5 29. f5 Rd4 30. Rg1 Qd8 31. Rg3 Nd7 32. b4 Rxb4 33. g5 fxg5 34. h6 Nc5 35. Qh5 Rb1+ 36. Kh2 Rb2+ 37. Kh1 Qf8 38. Rxg5 Nxd3 39. Rg7 Nf2+ 40. Kg2 Nxe4+ 41. Kf3 Nf6 42. Qg5 e4+ 43. Ke3 Qa3+ 44. Kf4 Rf2+ 45. Ke5 Qd6# 0-1

[Event "Guimaraes op 3rd"]
[Site "Guimaraes"]
[Date "2019.08.30"]
[Round "4"]
[White "Veiga, Jose Francisco RP"]
[Black "Korning, Peter"]
[Result "1-0"]
[WhiteElo "2346"]
[BlackElo "1972"]
[PlyCount "41"]
[EventDate "2019.08.28"]
[EventType "swiss"]
[EventRounds "7"]
[EventCountry "POR"]
[SourceTitle "EXT 2020"]
[Source "ChessBase"]
[SourceDate "2019.10.17"]
[SourceVersion "1"]
[SourceVersionDate "2019.10.17"]
[SourceQuality "1"]

1. g3 d5 2. Nf3 c5 3. Bg2 Nc6 4. c4 e6 5. 0-0 Nf6 6. b3 Be7 7. cxd5 exd5 8. d4 0-0 9. Bb2 Ne4 10. dxc5 Bxc5 11. e3 Bg4 12. h3 Bh5 13. Nc3 Nxc3 14. Bxc3 Qd7 15. Ne5 Nxe5 16. Qxh5 Ng6 17. Qxd5 Qxd5 18. Bxd5 Rac8 19. Bxb7 Rc7 20. Ba6 Bxe3 21. Bb4 1-0

[Event "SWE Cup"]
[Site "Sweden"]
[Date "2017.03.24"]
[Round "7.1"]
[White "Korning, Peter"]
[Black "Lindberg, Bengt"]
[Result "0-1"]
[WhiteElo "2068"]
[BlackElo "2387"]
[PlyCount "92"]
[EventDate "2017.01.14"]
[EventType "team-tourn"]
[EventRounds "9"]
[EventCountry "SWE"]
[SourceTitle "EXT 2018"]
[Source "ChessBase"]
[SourceDate "2017.10.13"]
[SourceVersion "1"]
[SourceVersionDate "2017.10.13"]
[SourceQuality "1"]
[WhiteTeam "Horndal"]
[BlackTeam "Vaxjo"]
[WhiteTeamCountry "SWE"]
[BlackTeamCountry "SWE"]

1. e4 c5 2. d4 cxd4 3. c3 Nf6 4. e5 Nd5 5. Qxd4 e6 6. Bc4 Nc6 7. Qe4 f5 8. Qe2 Nde7 9. Nf3 Qc7 10. 0-0 Ng6 11. Re1 b6 12. Nbd2 Bb7 13. Bb3 Be7 14. Nf1 0-0 15. Ng3 Na5 16. Nh5 Nxb3 17. axb3 Bd5 18. c4 Be4 19. Ng5 Bb7 20. f4 Nh4 21. Nf3 Nxf3+ 22. gxf3 Qc6 23. Rf1 Rf7 24. Bd2 d5 25. Bc3 Kh8 26. Rad1 Rd8 27. Kh1 Bf8 28. cxd5 Rxd5 29. Rxd5 Qxd5 30. Qc4 Qd7 31. Qe2 Qe8 32. Rd1 Bd5 33. b4 Rd7 34. Ng3 Qd8 35. Rf1 Qc8 36. Qe3 Bc4 37. Rf2 Rd3 38. Qe1 Qc6 39. Kg2 Be7 40. Ne2 Bh4 41. Ng3 h6 42. Kh3 g5 43. fxg5 hxg5 44. f4 Bxg3 45. hxg3 Qb7 46. Rd2 Bd5 0-1

[Event "Gibraltar Masters 15th"]
[Site "Caleta"]
[Date "2017.01.30"]
[Round "7"]
[White "Lopez Mulet, Inigo"]
[Black "Korning, Peter"]
[Result "1-0"]
[WhiteElo "2304"]
[BlackElo "2080"]
[PlyCount "45"]
[EventDate "2017.01.24"]
[EventType "swiss"]
[EventRounds "10"]
[EventCountry "GGB"]
[SourceTitle "CBM 177"]
[Source "ChessBase"]
[SourceDate "2017.03.16"]
[SourceVersion "1"]
[SourceVersionDate "2017.03.16"]
[SourceQuality "1"]

1. d4 d5 2. c4 e6 3. g3 c5 4. cxd5 exd5 5. Nf3 Nc6 6. Bg2 Nf6 7. 0-0 Be7 8. dxc5 Bxc5 9. a3 Ne4 10. b4 Be7 11. Bb2 0-0 12. Nbd2 Bf6 13. Bxf6 Qxf6 14. Nb3 Nc3 15. Qd2 a5 16. e3 axb4 17. axb4 Ne4 18. Qxd5 Rxa1 19. Nxa1 Nc3 20. Qc5 Rd8 21. b5 Rd5 22. Qc4 Rxb5 23. Nd4 1-0

[Event "Gibraltar Masters 15th"]
[Site "Caleta"]
[Date "2017.01.27"]
[Round "4"]
[White "Korning, Peter"]
[Black "Plotkin, Victor"]
[Result "1/2-1/2"]
[WhiteElo "2080"]
[BlackElo "2253"]
[PlyCount "71"]
[EventDate "2017.01.24"]
[EventType "swiss"]
[EventRounds "10"]
[EventCountry "GGB"]
[SourceTitle "CBM 177"]
[Source "ChessBase"]
[SourceDate "2017.03.16"]
[SourceVersion "1"]
[SourceVersionDate "2017.03.16"]
[SourceQuality "1"]

1. e4 e5 2. Nf3 Nf6 3. Nxe5 d6 4. Nf3 Nxe4 5. d4 Be7 6. Bd3 d5 7. 0-0 0-0 8. c4 Nf6 9. Nc3 Nc6 10. cxd5 Nxd5 11. Nxd5 Qxd5 12. Bf4 Bg4 13. Be2 Bd6 14. Bxd6 Qxd6 15. d5 Ne7 16. Qd4 Bxf3 17. Bxf3 Rfd8 18. Rfd1 c6 19. Rd3 Nxd5 20. Bxd5 Qxd5 21. Rad1 Qxd4 22. Rxd4 Rxd4 23. Rxd4 g6 24. Rd7 Rb8 25. g4 g5 26. Kg2 Kg7 27. Kg3 Kf6 28. f4 Ke6 29. Rc7 gxf4+ 30. Kxf4 h6 31. h3 a5 32. Ke4 a4 33. a3 Kf6 34. Kf4 Ke6 35. Ke4 Kf6 36. Kf4 1/2-1/2

[Event "Gibraltar Masters 15th"]
[Site "Caleta"]
[Date "2017.01.25"]
[Round "2"]
[White "Korning, Peter"]
[Black "Sahl, Bjarke"]
[Result "0-1"]
[WhiteElo "2080"]
[BlackElo "2363"]
[PlyCount "48"]
[EventDate "2017.01.24"]
[EventType "swiss"]
[EventRounds "10"]
[EventCountry "GGB"]
[SourceTitle "CBM 177"]
[Source "ChessBase"]
[SourceDate "2017.03.16"]
[SourceVersion "1"]
[SourceVersionDate "2017.03.16"]
[SourceQuality "1"]

1. e4 d6 2. d4 Nf6 3. Nc3 c6 4. f4 g6 5. Nf3 Bg7 6. Bd3 0-0 7. 0-0 Bg4 8. h3 Bxf3 9. Qxf3 Qb6 10. Qf2 Nxe4 11. Na4 Nxf2 12. Nxb6 Nxd3 13. Nxa8 Nxc1 14. Re1 Na6 15. Rxe7 Rxa8 16. Rxc1 Bxd4+ 17. Kf1 Nc5 18. b4 Bf6 19. Re2 Ne6 20. g3 h5 21. f5 Nd4 22. Rd2 Nxf5 23. g4 hxg4 24. hxg4 Ne3+ 0-1

[Event "London Classic op 8th"]
[Site "London"]
[Date "2016.12.16"]
[Round "9"]
[White "Alderson, John KA"]
[Black "Korning, Peter"]
[Result "0-1"]
[WhiteElo "1839"]
[BlackElo "2081"]
[PlyCount "132"]
[EventDate "2016.12.09"]
[EventType "swiss"]
[EventRounds "9"]
[EventCountry "ENG"]
[SourceTitle "CBM 176 Extra"]
[Source "ChessBase"]
[SourceDate "2017.03.02"]
[SourceVersion "1"]
[SourceVersionDate "2017.03.02"]
[SourceQuality "1"]

1. c4 e6 2. Nf3 d5 3. b3 c5 4. e3 Nf6 5. Bb2 Nc6 6. g3 Be7 7. Bg2 0-0 8. 0-0 b6 9. Qc2 Bb7 10. d4 cxd4 11. Nxd4 Rc8 12. Nd2 Qc7 13. Rac1 Nxd4 14. exd4 dxc4 15. Bxb7 Qxb7 16. bxc4 Rfd8 17. Qb3 h6 18. Rfd1 Nh7 19. Nf3 Ng5 20. Nxg5 Bxg5 21. Rc2 Qe4 22. Qd3 Qxd3 23. Rxd3 Rc7 24. h4 Bf6 25. Rdd2 Rcd7 26. c5 bxc5 27. Rxc5 Bxd4 28. Bxd4 Rxd4 29. Rdc2 Rd2 30. Rxd2 Rxd2 31. a4 Rd4 32. Ra5 Rd7 33. Kg2 Kf8 34. Kf3 Ke7 35. Ke4 Kd8 36. g4 Kc8 37. f4 Kb7 38. f5 Rd1 39. fxe6 Re1+ 40. Kf5 Rxe6 41. h5 a6 42. Rd5 Kc6 43. Ra5 Kb6 44. Rd5 Rc6 45. a5+ Kc7 46. Ke5 Rc4 47. Kf5 Kc6 48. Rd8 Rc5+ 49. Kf4 Rxa5 50. Rf8 f6 51. Rc8+ Kb6 52. Rb8+ Kc7 53. Ra8 Kb7 54. Re8 Rg5 55. Re7+ Kb6 56. Re6+ Kb5 57. Re7 a5 58. Re1 a4 59. Re4 Ka5 60. Ke3 Re5 61. Kd4 Rxe4+ 62. Kxe4 a3 63. Kf5 a2 64. Kg6 a1Q 65. Kxg7 f5+ 66. Kxh6 fxg4 0-1

[Event "London Classic op 8th"]
[Site "London"]
[Date "2016.12.14"]
[Round "7"]
[White "Cannon, Raymond Charles"]
[Black "Korning, Peter"]
[Result "0-1"]
[WhiteElo "1942"]
[BlackElo "2081"]
[PlyCount "60"]
[EventDate "2016.12.09"]
[EventType "swiss"]
[EventRounds "9"]
[EventCountry "ENG"]
[SourceTitle "CBM 176 Extra"]
[Source "ChessBase"]
[SourceDate "2017.03.02"]
[SourceVersion "1"]
[SourceVersionDate "2017.03.02"]
[SourceQuality "1"]

1. Nc3 d5 2. e4 d4 3. Nce2 e5 4. Ng3 Nf6 5. Bc4 Nc6 6. Nf3 Be7 7. d3 0-0 8. 0-0 Ne8 9. a3 Nd6 10. Bd5 Bf6 11. c3 Ne7 12. cxd4 exd4 13. Bb3 Ng6 14. h3 c5 15. Nh5 Be7 16. Nh2 b5 17. f4 c4 18. dxc4 Nxe4 19. cxb5 Bb7 20. f5 Bc5 21. fxg6 d3+ 22. Kh1 hxg6 23. Rxf7 Rxf7 24. Bxf7+ Kxf7 25. Qf3+ Kg8 26. Be3 Bxe3 27. Qxe3 gxh5 28. Rf1 d2 29. Qb3+ Qd5 30. Qf3 d1Q 0-1

[Event "London Classic op 8th"]
[Site "London"]
[Date "2016.12.10"]
[Round "2"]
[White "Korning, Peter"]
[Black "Fernandez Aransay, Fernando"]
[Result "1-0"]
[WhiteElo "2081"]
[BlackElo "1862"]
[PlyCount "65"]
[EventDate "2016.12.09"]
[EventType "swiss"]
[EventRounds "9"]
[EventCountry "ENG"]
[SourceTitle "CBM 176 Extra"]
[Source "ChessBase"]
[SourceDate "2017.03.02"]
[SourceVersion "1"]
[SourceVersionDate "2017.03.02"]
[SourceQuality "1"]

1. e4 c5 2. d4 cxd4 3. c3 dxc3 4. Nxc3 Nc6 5. Nf3 a6 6. Bc4 e6 7. 0-0 Nge7 8. Bg5 h6 9. Be3 Ng6 10. Bb3 Be7 11. Nd4 Bf6 12. f4 Nxd4 13. Bxd4 Bxd4+ 14. Qxd4 Qf6 15. e5 Qh4 16. g3 Qd8 17. f5 Ne7 18. fxe6 dxe6 19. Qxd8+ Kxd8 20. Rxf7 Nf5 21. Rd1+ Ke8 22. Rc7 Rb8 23. Ne4 Rf8 24. Nd6+ Kd8 25. Rxc8+ Rxc8 26. Nxf5+ Kc7 27. Nxg7 Kb8 28. Nxe6 Rf5 29. Re1 Re8 30. Kg2 Re7 31. g4 Rff7 32. Kg3 b6 33. Nd8 1-0

[Event "Reykjavik op"]
[Site "Reykjavik"]
[Date "2016.03.13"]
[Round "7"]
[White "Korning, Peter"]
[Black "Enersen, Eirik S"]
[Result "1/2-1/2"]
[WhiteElo "1987"]
[BlackElo "1689"]
[PlyCount "140"]
[EventDate "2016.03.08"]
[EventType "swiss"]
[EventRounds "10"]
[EventCountry "ISL"]
[SourceTitle "CBM 171 Extra"]
[Source "ChessBase"]
[SourceDate "2016.04.26"]
[SourceVersion "1"]
[SourceVersionDate "2016.04.26"]
[SourceQuality "1"]

1. d4 e6 2. e4 d5 3. Nc3 dxe4 4. Nxe4 Bd7 5. Nf3 Bc6 6. Bd3 Nd7 7. 0-0 Ngf6 8. Nxf6+ Qxf6 9. c3 Bxf3 10. Qxf3 Qxf3 11. gxf3 Bd6 12. c4 c6 13. Bd2 Nf6 14. Rfe1 0-0 15. Bc3 Rfd8 16. b4 b5 17. a4 bxc4 18. Bxc4 Nd5 19. Bxd5 cxd5 20. b5 Rdc8 21. Bd2 Rc4 22. Be3 Bb4 23. Rec1 Ba5 24. Kf1 Rac8 25. Ke2 Bc3 26. Ra2 Ba5 27. Rxc4 Rxc4 28. f4 Kf8 29. f5 exf5 30. Bf4 Bc7 31. Bd2 Rxd4 32. a5 Re4+ 33. Kd3 Re6 34. b6 axb6 35. Bb4+ Bd6 36. a6 Bxb4 37. a7 Re8 38. a8Q Rxa8 39. Rxa8+ Ke7 40. Kd4 Bc5+ 41. Kxd5 Bxf2 42. Ke5 g6 43. Ra7+ Kf8 44. Rb7 Bc5 45. Rb8+ Kg7 46. Rb7 Bg1 47. h3 Be3 48. Rd7 f4 49. Ke4 Kf6 50. Rc7 Ke6 51. Rc6+ Kd7 52. Rf6 Ke7 53. Rc6 f5+ 54. Kf3 Kd7 55. Rf6 Ke7 56. Rc6 Kf7 57. Rc7+ Kg8 58. Rd7 h5 59. h4 Kf8 60. Rb7 Kg8 61. Rd7 b5 62. Rb7 Bd2 63. Rxb5 Be1 64. Kxf4 Bxh4 65. Rb7 Bf6 66. Rd7 Kf8 67. Rb7 h4 68. Rd7 Ke8 69. Rh7 Kf8 70. Rb7 Kg8 1/2-1/2

[Event "Reykjavik op"]
[Site "Reykjavik"]
[Date "2016.03.11"]
[Round "5"]
[White "Korning, Peter"]
[Black "Adocchio, Giampiero"]
[Result "0-1"]
[WhiteElo "1987"]
[BlackElo "2174"]
[PlyCount "50"]
[EventDate "2016.03.08"]
[EventType "swiss"]
[EventRounds "10"]
[EventCountry "ISL"]
[SourceTitle "CBM 171 Extra"]
[Source "ChessBase"]
[SourceDate "2016.04.26"]
[SourceVersion "1"]
[SourceVersionDate "2016.04.26"]
[SourceQuality "1"]

1. e4 Nc6 2. Nf3 f5 3. exf5 d5 4. Bb5 Bxf5 5. d4 e6 6. Ne5 Nge7 7. 0-0 a6 8. Nxc6 Nxc6 9. Bxc6+ bxc6 10. Bf4 Be7 11. c3 0-0 12. Bg3 Rb8 13. b4 a5 14. a3 Bg5 15. Nd2 h5 16. Nb3 h4 17. Be5 axb4 18. axb4 h3 19. g4 Be4 20. f3 Be3+ 21. Kh1 Rxf3 22. Qxf3 Qg5 23. Qxe4 dxe4 24. Nc5 Qxg4 25. Ra2 Rf8 0-1

[Event "Reykjavik op"]
[Site "Reykjavik"]
[Date "2016.03.09"]
[Round "3"]
[White "Korning, Peter"]
[Black "Pogan, Nikolas"]
[Result "0-1"]
[WhiteElo "1987"]
[BlackElo "2285"]
[PlyCount "134"]
[EventDate "2016.03.08"]
[EventType "swiss"]
[EventRounds "10"]
[EventCountry "ISL"]
[SourceTitle "CBM 171 Extra"]
[Source "ChessBase"]
[SourceDate "2016.04.26"]
[SourceVersion "1"]
[SourceVersionDate "2016.04.26"]
[SourceQuality "1"]

1. e4 d6 2. d4 Nf6 3. Nc3 e5 4. Nf3 Nbd7 5. Bc4 Be7 6. 0-0 0-0 7. h3 a6 8. a4 b6 9. Qe2 c6 10. Rd1 Qc7 11. Ba2 Bb7 12. Bg5 Rae8 13. dxe5 Nxe5 14. Nxe5 dxe5 15. Rd2 b5 16. axb5 axb5 17. Rad1 Bc8 18. Qf3 h6 19. Be3 b4 20. Ne2 c5 21. Bc4 Bb7 22. Ng3 Rd8 23. Rxd8 Rxd8 24. Rxd8+ Bxd8 25. b3 Kh7 26. Bd3 g6 27. Qe2 Kg7 28. Qd2 h5 29. f3 h4 30. Nf1 Nh5 31. Bc4 Be7 32. Bh6+ Kg8 33. Be3 Nf4 34. Nh2 Kg7 35. Bf2 f5 36. Qe1 fxe4 37. fxe4 Qc6 38. Bxh4 g5 39. Bg3 Qxe4 40. Qxe4 Bxe4 41. Bxf4 gxf4 42. Ng4 Bf6 43. Nf2 Bxc2 44. Nd3 Kg6 45. Nxc5 e4 46. Kf1 Kf5 47. Ke2 Bd4 48. Na6 Bc3 49. Nc7 Bd4 50. Na6 Bc3 51. Nc7 Ke5 52. Nb5 Bb2 53. Kd2 Bb1 54. Ke2 Bc1 55. Kd1 Be3 56. Ke2 Bb6 57. h4 Bd8 58. h5 Bg5 59. Nc7 Bh6 60. Nd5 Bd3+ 61. Kd1 Bxc4 62. bxc4 b3 63. Ne7 f3 64. gxf3 exf3 65. c5 f2 66. Ke2 b2 67. Nc6+ Kf6 0-1

[Event "Gibraltar Masters 14th"]
[Site "Caleta"]
[Date "2016.02.03"]
[Round "9"]
[White "Teran Alvarez, Ismael"]
[Black "Korning, Peter"]
[Result "1-0"]
[WhiteElo "2416"]
[BlackElo "2015"]
[PlyCount "77"]
[EventDate "2016.01.26"]
[EventType "swiss"]
[EventRounds "10"]
[EventCountry "GGB"]
[SourceTitle "CBM 171"]
[Source "ChessBase"]
[SourceDate "2016.03.14"]
[SourceVersion "2"]
[SourceVersionDate "2016.03.14"]
[SourceQuality "1"]

1. d4 d5 2. c4 e6 3. Nf3 c5 4. cxd5 exd5 5. Nc3 Nc6 6. dxc5 d4 7. Na4 Bxc5 8. Nxc5 Qa5+ 9. Bd2 Qxc5 10. Rc1 Qb6 11. e3 Nge7 12. Bc4 0-0 13. 0-0 Bg4 14. exd4 Rad8 15. Bc3 Nd5 16. Qd3 Ndb4 17. Qe4 Bxf3 18. Qxf3 Nxd4 19. Qg4 Nbc6 20. Rfe1 Rd6 21. Re3 Qc5 22. Bf1 Rfd8 23. Rce1 h5 24. Re8+ Kh7 25. Bd3+ g6 26. Qf4 Kg7 27. Bd2 Nf5 28. Rxd8 Rxd8 29. Bxf5 Qxf5 30. Qh6+ Kg8 31. Bc3 f6 32. h3 Qg5 33. Qxg5 fxg5 34. Re6 Kh7 35. Rf6 Rd7 36. Rf8 Nd4 37. Kf1 Kg7 38. Rf3 Kg8 39. Rd3 1-0

[Event "Gibraltar Masters 14th"]
[Site "Caleta"]
[Date "2016.01.27"]
[Round "2"]
[White "Korning, Peter"]
[Black "Henderson de la Fuente, Lance"]
[Result "0-1"]
[WhiteElo "2015"]
[BlackElo "2270"]
[PlyCount "116"]
[EventDate "2016.01.26"]
[EventType "swiss"]
[EventRounds "10"]
[EventCountry "GGB"]
[SourceTitle "CBM 171"]
[Source "ChessBase"]
[SourceDate "2016.03.14"]
[SourceVersion "2"]
[SourceVersionDate "2016.03.14"]
[SourceQuality "1"]

1. e4 e5 2. Nf3 Nc6 3. Bb5 Nf6 4. 0-0 Nxe4 5. d4 Nd6 6. dxe5 Nxb5 7. a4 Nbd4 8. Nxd4 Nxd4 9. Qxd4 d5 10. Qd3 c6 11. a5 Be7 12. Qg3 g6 13. Bh6 Bf5 14. a6 b6 15. e6 Bxe6 16. Qc3 Kd7 17. Nd2 Bf6 18. Qg3 Rg8 19. Rad1 g5 20. Ne4 Be7 21. f4 gxf4 22. Qxf4 f5 23. Ng3 Bd6 24. Qd2 Qh4 25. Bf4 Bc5+ 26. Kh1 Rg4 27. Ne2 Rag8 28. g3 Qf6 29. b4 Bd6 30. Bxd6 Kxd6 31. Nf4 Qh6 32. Rfe1 Bf7 33. Qe3 Re8 34. Qxe8 Bxe8 35. Rxe8 Rxf4 36. gxf4 Qxf4 37. Rde1 Qxb4 38. R1e7 Qb1+ 39. Kg2 Qxc2+ 40. Kg3 Qb3+ 41. Kf4 Qa4+ 42. Kxf5 Qxa6 43. Re6+ Kc5 44. Kf6 Qf1+ 45. Ke7 Qf2 46. Kd7 Qxh2 47. Rxc6+ Kb5 48. Rd6 Qh3+ 49. Kc7 Qg3 50. Kd7 Qg4+ 51. Kc7 Qf4 52. Kd7 Qf5+ 53. Rde6 d4 54. Kc7 Kb4 55. Kb7 d3 56. Kxa7 b5 57. Ka6 d2 58. Rd6 d1Q 0-1

[Event "London Classic op 7th"]
[Site "London"]
[Date "2015.12.05"]
[Round "2"]
[White "Korning, Peter"]
[Black "Barasi, Paul Dl"]
[Result "1-0"]
[WhiteElo "2000"]
[BlackElo "1736"]
[PlyCount "77"]
[EventDate "2015.12.04"]
[EventType "swiss"]
[EventRounds "9"]
[EventCountry "ENG"]
[SourceTitle "CBM 169 Extra"]
[Source "ChessBase"]
[SourceDate "2015.12.18"]
[SourceVersion "1"]
[SourceVersionDate "2015.12.18"]
[SourceQuality "1"]

1. e4 c5 2. d4 cxd4 3. c3 Nf6 4. e5 Nd5 5. Qxd4 e6 6. Bc4 Nc6 7. Qe4 Nb6 8. Bb3 d6 9. exd6 Bxd6 10. Nf3 Qe7 11. 0-0 0-0 12. Re1 h6 13. Nbd2 Bd7 14. Nf1 Na5 15. Ne5 Bxe5 16. Qxe5 Nxb3 17. axb3 Bc6 18. Ng3 Nd7 19. Nf5 Qf6 20. Qxf6 Nxf6 21. Ne7+ Kh7 22. Nxc6 bxc6 23. Ra6 c5 24. Be3 Rfc8 25. Rea1 Rc7 26. Kf1 Nd5 27. Ke2 Kg6 28. Kd3 Kf6 29. Bc1 Kf5 30. R1a5 e5 31. f3 f6 32. g4+ Kg6 33. Ke4 Ne7 34. f4 Kf7 35. fxe5 fxe5 36. Be3 Rb8 37. Rxa7 Rbb7 38. Rxb7 Rxb7 39. Bxc5 1-0

[Event "Reykjavik op"]
[Site "Reykjavik"]
[Date "2015.03.14"]
[Round "6"]
[White "Korning, Peter"]
[Black "Thorgeirsson, Jon Kristinn"]
[Result "0-1"]
[WhiteElo "1944"]
[BlackElo "2177"]
[PlyCount "98"]
[EventDate "2015.03.10"]
[EventType "swiss"]
[EventRounds "10"]
[EventCountry "ISL"]
[SourceTitle "CBM 165 Extra"]
[Source "ChessBase"]
[SourceDate "2015.04.21"]
[SourceVersion "1"]
[SourceVersionDate "2015.04.21"]
[SourceQuality "1"]

1. e4 e5 2. Nf3 Nc6 3. Be2 Bc5 4. d3 Nf6 5. 0-0 d5 6. Nbd2 0-0 7. c3 Bb6 8. Qc2 Bg4 9. h3 Bh5 10. a3 a5 11. b3 Re8 12. Bb2 Qe7 13. b4 Rad8 14. b5 Nb8 15. a4 c5 16. c4 d4 17. Qd1 Bxf3 18. Bxf3 Kh8 19. g3 Rg8 20. Kg2 Rd6 21. Rh1 g5 22. Qe2 Nbd7 23. Rag1 Bd8 24. Kf1 Nb6 25. Qd1 Qf8 26. Ke1 Qg7 27. g4 Ne8 28. Nf1 Nc7 29. Ng3 Qf8 30. Nf5 Rf6 31. Bc1 Ne6 32. Rh2 Qe8 33. Rgh1 Nf4 34. Bxf4 exf4 35. Kd2 Re6 36. h4 gxh4 37. Nxh4 Bxh4 38. Rxh4 Rg7 39. R1h2 Qe7 40. Qh1 f6 41. Rh5 Qc7 42. e5 Rxe5 43. Rxe5 fxe5 44. Be4 Nxa4 45. g5 Nc3 46. g6 a4 47. Rxh7+ Rxh7 48. gxh7 a3 49. Bxb7 a2 0-1